000 01055cam a2200133 4500500
005 20260329023203.0
041 _afre
042 _adc
100 1 0 _aDouillet, Anne-Cécile
_eauthor
245 0 0 _aSociologie politique : Comportements, acteurs, organisations
260 _bArmand Colin,
_c2023.
520 _aPourquoi vote-t-on pour tel parti ? D’où viennent nos opinions politiques ? Pourquoi l’abstention augmente-t- elle ? Quels sont les ressorts de l’engagement ? Qui sont les élites politiques et comment se structurent les partis ?Cette introduction à la sociologie politique analyse le fonctionnement des démocraties représentatives contemporaines à la lumière des travaux qui ont marqué la discipline et de recherches plus récentes. Les notions essentielles et les principales controverses scientifiques sur les comportements, les élites et les organisations politiques sont richement illustrées d’exemples.
856 4 1 _uhttps://shs.cairn.info/sociologie-politique--9782200634810?lang=fr&redirect-ssocas=7080
999 _c1925356
_d1925356